| 000 | 00585nam a22001577a 4500 | ||
|---|---|---|---|
| 008 | 160528b xxu||||| |||| 00| 0 eng d | ||
| 082 |
_22015 _aUT 0581 _bL97 |
||
| 100 |
_99599 _aLumanog, Daryl Micah D. |
||
| 245 |
_aMarine invertebrates profile of Aplya, Digos City/ _cDaryl Micah D. Lumanog, Senarillos and Rhedeliza U. Rojo. |
||
| 260 |
_aDigos City: _bUMDC _cAugust 2015. |
||
| 300 |
_a103 pages; _c29 cm. |
||
| 650 | 0 |
_99597 _aEducation _vBiological Science _xUndergraduate thesis. |
|
| 700 |
_99595 _aSenarillos, Antonette B. |
||
| 700 |
_99596 _aRojo, Rhedeliza U. |
||
| 942 |
_2ddc _cUT |
||
| 999 |
_c2887 _d2887 |
||